000 00929naa a22002657a 4500
001 vtls000029725
003 ES-BaIT
005 20251127103104.0
007 t|
008 111114s1996 xxu|||||| |00| |eng|d
010 _a29725
035 _a0029-72560
_9ES-BaIT035
039 9 _a201403072325
_bVLOAD
_c201303092021
_dVLOAD
_c201111141545
_dVLOAD
_y201110052309
_zVLOAD
100 1 _aEhn, Erik
_917419
245 1 0 _aTwo altars, ten funerals :
_ball souls /
_cErik Ehn
500 _aP5: D3, H2
500 _aEstrena 1994-05 Annex Theatre (Seattle), dir. Erik Ehn
740 0 _a2 altars, ten funerals
740 0 _a2 altars, 10 funerals
773 0 _aPlays for the end of the century / edited, with an introduction, by Bonnie Marranca
_bLondon : Johns Hopkins University, cop.1996
_wvtls000029229
_z0-8018-5108-4
_025476
790 _w0029-22960
790 _a002922960
917 _aFalta matèries. Cat. rev
999 _c25909
_d25909
942 _cART